Statistics for Actor / Actress by their Movies #4

Click here to take the quiz!

General Stats

  • This quiz has been taken 36 times
  • The average score is 7 of 10

Answer Stats

HintAnswer% Correct
Sherlock Holmes / Iron Man / Dolittle / OppenheimerRobert Downey Jr.
94%
The Mask / Shrek / My Sister's Keeper / Bad TeacherCameron Diaz
80%
Not Another Teen Movie / Fantastic Four / Captain America: The First Avenger / Knives OutChris Evans
80%
Zoolander / Shanghai Noon / You, Me and Dupree / Night at the MuseumOwen Wilson
77%
The Mask of Zorro / Entrapment / Chicago / Ocean's TwelveCatherine Zeta-Jones
71%
Enola Holmes / Godzilla vs. Kong / Stranger Things / IntrudersMillie Bobby Brown
69%
Enter the Dragon / Fist of Fury / Game of Death / Way of the DragonBruce Lee
63%
Grown Ups / Frida / Desperado / Wild Wild WestSalma Hayek
63%
Shaun of the Dead / Star Trek / Mission: Impossible – Rogue Nation / Hot FuzzSimon Pegg
57%
Captain America: The First Avenger / Christopher Robin / Mission: Impossible – Dead Reckoning Part One / Agent CarterHayley Atwell
43%

Score Distribution

Percentile by Number Answered

Percent of People with Each Score

Your Score History

You have not taken this quiz